[Event "Bergens SK Vårturnering 2024"]
[Site "Bergens Schakklub"]
[Date "2024.02.13"]
[Round "6"]
[White "Fossheim, Yngve Götestam"]
[Black "Texe, Eirik"]
[Result "1-0"]
[WhiteElo "2124"]
[BlackElo "1748"]
[PlyCount "83"]
[EventDate "2024.??.??"]

1. e4 e5 2. Nf3 Nc6 3. Bb5 a6 4. Ba4 Nf6 5. O-O Be7 6. Bxc6 dxc6 7. d3 Nd7 8.
Nbd2 Bc5 9. Nc4 Qe7 10. Bg5 Qe6 11. Be3 Bxe3 12. Nxe3 O-O 13. Nf5 g6 14. Ng5
Qf6 15. Nh6+ Kg7 16. Ngxf7 Rxf7 17. Nxf7 Qxf7 18. f4 exf4 19. Qd2 Qf6 20. c3
Ne5 21. Rxf4 Qe7 22. Raf1 Be6 23. d4 Rd8 24. Qe3 Ng4 25. Qg3 h5 26. h3 g5 27.
R4f3 h4 28. Qe1 Nh6 29. Qe3 Re8 30. e5 Nf7 31. Rf6 Rh8 32. Qe4 Rh6 33. b3 g4
34. hxg4 h3 35. Rxh6 Nxh6 36. gxh3 Qh4 37. Qf3 Kh7 38. c4 Qd8 39. Qe4+ Kg7 40.
Rf6 Bf7 41. Qf4 Qh8 42. Qg5+
1-0

[Event "Bergens SK Vårturnering 2024"]
[Site "Bergens Schakklub"]
[Date "2024.02.20"]
[Round "7"]
[White "Flaten, Siver"]
[Black "Myny, Sigur H"]
[Result "1/2-1/2"]
[WhiteElo "1770"]
[BlackElo "1830"]
[PlyCount "95"]
[EventDate "2024.??.??"]

1. e4 c6 2. Nf3 d5 3. Nc3 Bg4 4. d4 e6 5. h3 Bxf3 6. Qxf3 Nf6 7. Bg5 Be7 8.
O-O-O h6 9. Bh4 Nxe4 10. Bxe7 Qxe7 11. Nxe4 dxe4 12. Qxe4 Nd7 13. f4 Nf6 14.
Qf3 O-O-O 15. Bc4 Nd5 16. Rhe1 Qf6 17. g3 g5 18. Re5 gxf4 19. Bxd5 Rxd5 20.
gxf4 Rhd8 21. c3 Rxe5 22. dxe5 Rxd1+ 23. Kxd1 Qf5 24. Kc1 h5 25. Qg3 Kc7 26. h4
Qg6 27. Qxg6 fxg6 28. Kc2 c5 29. a4 Kc6 30. b4 b6 31. Kd3 b5 32. a5 Kd5 33. a6
Kc6 34. Ke4 cxb4 35. cxb4 Kb6 36. f5 exf5+ 37. Kf4 Kc6 38. Kg5 Kd5 39. Kf6 f4
40. e6 f3 41. e7 f2 42. e8=Q f1=Q+ 43. Kxg6 Qg2+ 44. Kxh5 Qf3+ 45. Kh6 Qf6+ 46.
Kh5 Qf5+ 47. Kh6 Qf6+ 48. Kh5
1/2-1/2

[Event "Bergens SK Vårturnering 2024"]
[Site "Bergens Schakklub"]
[Date "2024.02.20"]
[Round "7"]
[White "Bjarnason, Snorri Vikanes"]
[Black "Wiger-Nordås, Felix"]
[Result "1-0"]
[WhiteElo "1929"]
[BlackElo "1860"]
[PlyCount "120"]
[EventDate "2024.??.??"]

1. Nf3 d5 2. g3 Bf5 3. d4 Nd7 4. Nh4 Bg6 5. c4 e6 6. Nc3 c6 7. Nxg6 hxg6 8. e4
dxe4 9. Nxe4 Ngf6 10. Nc3 Bd6 11. Bg2 Bc7 12. O-O Nb6 13. b3 Kf8 14. Bg5 Rh5
15. Ne4 e5 16. Qf3 exd4 17. Nxf6 gxf6 18. Bxf6 Qd6 19. c5 Rxc5 20. Bh8 Rf5 21.
Qg4 Rd8 22. Rad1 c5 23. b4 Kg8 24. bxc5 Rxc5 25. Bxd4 Rc4 26. Bxb6 Rxg4 27.
Rxd6 Rxd6 28. Bxc7 Rd2 29. Bf4 Rxa2 30. h3 Rxf4 31. gxf4 b5 32. Re1 b4 33. Re8+
Kg7 34. Rb8 a5 35. Rb7 Ra1+ 36. Bf1 Ra3 37. Bc4 Rxh3 38. Bxf7 Ra3 39. Be8+ Kf6
40. Rb5 b3 41. Kg2 Ke7 42. Bxg6 a4 43. Rb7+ Kf6 44. f5 Ra2 45. Rb6+ Kg5 46. Kg3
Ra1 47. f4+ Kh6 48. Rb7 Rg1+ 49. Kf2 Rxg6 50. fxg6 Kxg6 51. Rb4 Kf5 52. Rxa4 b2
53. Rb4 b1=Q 54. Rxb1 Kxf4 55. Re1 Kg4 56. Re3 Kf4 57. Ke2 Kf5 58. Kf3 Kg5 59.
Ke4 Kg4 60. Rf3 Kg5
1-0

[Event "Bergens SK Vårturnering 2024"]
[Site "Bergens Schakklub"]
[Date "2024.02.20"]
[Round "7"]
[White "Christoffersen, Odd"]
[Black "Texe, Eirik"]
[Result "0-1"]
[WhiteElo "1709"]
[BlackElo "1748"]
[PlyCount "96"]
[EventDate "2024.??.??"]

1. e4 e5 2. f4 d5 3. exd5 exf4 4. Qf3 Nf6 5. Bb5+ c6 6. dxc6 Nxc6 7. Ne2 Be7 8.
Nbc3 O-O 9. Bxc6 bxc6 10. Qxf4 Bd6 11. Qh4 Bf5 12. d3 Rb8 13. a3 Qb6 14. Rf1
Bg6 15. h3 Rfe8 16. Kd1 Rbd8 17. Nf4 Bxf4 18. Qxf4 Bxd3 19. cxd3 Qb3+ 20. Kd2
Ne4+ 21. Nxe4 Qxd3+ 22. Ke1 Rxe4+ 23. Qxe4 Qxe4+ 24. Kf2 Qd4+ 25. Kg3 Re8 26.
Kh2 Re2 27. Rg1 f5 28. a4 Kf7 29. Rf1 Qe4 30. Rg1 h6 31. Ra3 g5 32. Kh1 Re1 33.
Rc3 g4 34. Bxh6 Kg6 35. Bd2 Rxg1+ 36. Kxg1 gxh3 37. Rg3+ Kf7 38. Bc3 hxg2 39.
a5 Ke6 40. Rxg2 f4 41. Rf2 Kf5 42. Kf1 Qh1+ 43. Ke2 Ke4 44. Rf1 f3+ 45. Ke1 Qg2
46. Rf2 Qg1+ 47. Rf1 Qe3+ 48. Kd1 Qe2+
0-1

[Event "Bergens SK Vårturnering 2024"]
[Site "Bergens Schakklub"]
[Date "2024.02.20"]
[Round "7"]
[White "Leirvåg, Simen"]
[Black "Fossheim, Yngve Götestam"]
[Result "0-1"]
[WhiteElo "1804"]
[BlackElo "2124"]
[PlyCount "34"]
[EventDate "2024.??.??"]

1. e4 c5 2. Nf3 Nc6 3. d4 cxd4 4. Nxd4 g6 5. Nc3 Bg7 6. Be3 Nf6 7. Nxc6 bxc6 8.
e5 Ng8 9. f4 Nh6 10. Ne4 O-O 11. Bc4 d5 12. exd6 exd6 13. Qxd6 Qe8 14. Qd3 Bf5
15. Nd6 Bxd3 16. Nxe8 Rfxe8 17. Bxd3 Rxe3+
0-1

[Event "Bergens SK Vårturnering 2024"]
[Site "Bergens Schakklub"]
[Date "2024.03.05"]
[Round "8"]
[White "Christoffersen, Odd"]
[Black "Flaten, Siver"]
[Result "0-1"]
[WhiteElo "1709"]
[BlackElo "1770"]
[PlyCount "62"]
[EventDate "2024.??.??"]

1. e4 c5 2. Nf3 d6 3. Bb5+ Bd7 4. Bxd7+ Nxd7 5. d4 cxd4 6. Qxd4 Ngf6 7. O-O g6
8. c4 Bg7 9. Nc3 O-O 10. Bg5 Rc8 11. Rac1 h6 12. Bh4 g5 13. Bg3 Nc5 14. Qe3 Qb6
15. b3 Qa5 16. Rc2 Ng4 17. Qd2 Bxc3 18. Qxc3 Qxc3 19. Rxc3 Nxe4 20. Rcc1 f5 21.
h3 f4 22. Bh2 Ngf6 23. Rfe1 e5 24. Red1 g4 25. hxg4 Nxg4 26. Rc2 d5 27. Rxd5
Rfd8 28. Rxd8+ Rxd8 29. g3 fxg3 30. Bxg3 Nxg3 31. fxg3 Rd1+
0-1

[Event "Bergens SK Vårturnering 2024"]
[Site "Bergens Schakklub"]
[Date "2024.03.05"]
[Round "8"]
[White "Leirvåg, Simen"]
[Black "Bjarnason, Snorri Vikanes"]
[Result "1/2-1/2"]
[WhiteElo "1804"]
[BlackElo "1929"]
[PlyCount "70"]
[EventDate "2024.??.??"]

1. d4 d5 2. c4 dxc4 3. e4 Nf6 4. Nc3 c5 5. Nf3 cxd4 6. Qxd4 Qxd4 7. Nxd4 e5 8.
Ndb5 Na6 9. Bxc4 Bb4 10. O-O O-O 11. a3 Bxc3 12. Nxc3 Nc5 13. f3 Be6 14. Bxe6
Nxe6 15. Be3 Rfd8 16. Rfd1 a6 17. Bb6 Rxd1+ 18. Rxd1 Rc8 19. a4 g5 20. a5 g4
21. fxg4 Nxg4 22. Rd5 Rc4 23. h3 Nf6 24. Rxe5 Nd7 25. Rh5 Rb4 26. Nd5 Rxb2 27.
Be3 Ra2 28. Kh2 Ra4 29. Bh6 Rxe4 30. Ne7+ Kh8 31. Rf5 Nd8 32. Rg5 Rxe7 33. Bg7+
Kg8 34. Bh6+ Kh8 35. Bg7+ Kg8
1/2-1/2

[Event "Bergens SK Vårturnering 2024"]
[Site "Bergens Schakklub"]
[Date "2024.03.05"]
[Round "8"]
[White "Larsen, Stig Børje"]
[Black "Wiger-Nordås, Felix"]
[Result "0-1"]
[WhiteElo "1785"]
[BlackElo "1860"]
[PlyCount "74"]
[EventDate "2024.??.??"]

1. d4 d5 2. Nc3 Nf6 3. Bf4 c6 4. Qd2 Bf5 5. Nf3 h6 6. e3 e6 7. Ne5 Bb4 8. Bd3
Nbd7 9. f3 Nh5 10. Bxf5 exf5 11. Nd3 Nxf4 12. Nxb4 Qe7 13. Nd3 Nxd3+ 14. Qxd3
f4 15. O-O-O Qxe3+ 16. Qxe3+ fxe3 17. Rhe1 O-O-O 18. Rxe3 Rde8 19. Rde1 Kd8 20.
Kd2 Rxe3 21. Rxe3 Nb6 22. b3 Nc8 23. Ne2 Nd6 24. Ng3 h5 25. c3 Kd7 26. Re5 g6
27. h4 Re8 28. Re3 Rxe3 29. Kxe3 Ke6 30. Kf4 Kf6 31. Ke3 Nf5+ 32. Nxf5 Kxf5 33.
c4 b5 34. cxb5 cxb5 35. b4 f6 36. Kf2 g5 37. g3 gxh4
0-1

[Event "Bergens SK Vårturnering 2024"]
[Site "Bergens Schakklub"]
[Date "2024.03.05"]
[Round "8"]
[White "Texe, Eirik"]
[Black "Fossheim, Yngve Götestam"]
[Result "0-1"]
[WhiteElo "1748"]
[BlackElo "2124"]
[PlyCount "62"]
[EventDate "2024.??.??"]

1. d4 Nf6 2. c4 g6 3. Nc3 Bg7 4. e4 d6 5. Be2 O-O 6. Nf3 e5 7. O-O a5 8. d5 Na6
9. Ne1 Ne8 10. Be3 f5 11. f3 f4 12. Bf2 g5 13. Nd3 Rf6 14. c5 Rh6 15. a3 dxc5
16. Nxc5 Nxc5 17. Bxc5 b6 18. Bf2 Nd6 19. Rc1 Qe8 20. Kh1 Qh5 21. Bg1 Bf8 22.
Qb3 g4 23. fxg4 Bxg4 24. Bxg4 Qxg4 25. Rf3 Kh8 26. Qa4 Be7 27. Nb5 Rg8 28. Rc2
Nf7 29. Qb3 Ng5 30. Rxc7 Nxe4 31. Rxe7 Qxg2#
0-1

[Event "Bergens SK Vårturnering 2024"]
[Site "Bergens Schakklub"]
[Date "2024.03.12"]
[Round "9"]
[White "Agustsson, Hafsteinn"]
[Black "Flaten, Siver"]
[Result "0-1"]
[WhiteElo "1769"]
[BlackElo "1770"]
[PlyCount "36"]
[EventDate "2024.??.??"]

1. e4 c5 2. Nf3 d6 3. d4 cxd4 4. Nxd4 Nf6 5. Nc3 g6 6. Be3 Bg7 7. Bc4 O-O 8. f3
Nc6 9. Qd2 Nxd4 10. Bxd4 Be6 11. Nd5 Bxd5 12. exd5 e6 13. dxe6 Re8 14. O-O-O
fxe6 15. Rhe1 d5 16. Bb5 Re7 17. Qg5 Qf8 18. Bc5 Bh6
0-1

[Event "Bergens SK Vårturnering 2024"]
[Site "Bergens Schakklub"]
[Date "2024.03.12"]
[Round "9"]
[White "Wiger-Nordås, Felix"]
[Black "Leirvåg, Simen"]
[Result "1/2-1/2"]
[WhiteElo "1860"]
[BlackElo "1804"]
[PlyCount "72"]
[EventDate "2024.??.??"]

1. d4 Nf6 2. c4 g6 3. Nf3 Bg7 4. Nc3 d6 5. e3 O-O 6. Bd3 c5 7. dxc5 dxc5 8. O-O
Nc6 9. h3 Nb4 10. Bb1 Qxd1 11. Rxd1 Be6 12. a3 Nc6 13. Bd3 Na5 14. Nd2 Rfd8 15.
Be2 Rac8 16. Rb1 Ne8 17. Nd5 Bxd5 18. cxd5 Rxd5 19. b4 cxb4 20. axb4 Nc4 21.
Nxc4 Rxd1+ 22. Bxd1 Rxc4 23. Bf3 Nd6 24. b5 b6 25. Ba3 Bf6 26. Bxd6 exd6 27.
Bd5 Rc5 28. e4 Kf8 29. Rb3 Rc1+ 30. Kh2 Be5+ 31. g3 Rc2 32. Rf3 f6 33. Kg2 Bd4
34. g4 g5 35. Kg3 Ke7 36. Ra3 Rc3+
1/2-1/2

[Event "Bergens SK Vårturnering 2024"]
[Site "Bergens Schakklub"]
[Date "2024.03.12"]
[Round "9"]
[White "Fossheim, Yngve Götestam"]
[Black "Selbekk, Vebjørn"]
[Result "1/2-1/2"]
[WhiteElo "2124"]
[BlackElo "1931"]
[PlyCount "75"]
[EventDate "2024.??.??"]

1. e4 d6 2. Nc3 Nf6 3. g3 c5 4. Bg2 g6 5. Nge2 Nc6 6. d4 cxd4 7. Nxd4 Nxd4 8.
Qxd4 Bg7 9. Be3 O-O 10. Qd2 Ng4 11. Bd4 Ne5 12. b3 Qa5 13. f4 Bh3 14. O-O Bxg2
15. Kxg2 Rac8 16. Qe2 Nc6 17. Bxg7 Kxg7 18. Qd2 Ne5 19. fxe5 Qxc3 20. Qxc3 Rxc3
21. exd6 exd6 22. Rf2 Rfc8 23. Rd1 Rxc2 24. Rxd6 Rxf2+ 25. Kxf2 Rc2+ 26. Kf3
Rxh2 27. Rd7 Rxa2 28. Rxb7 Kf6 29. Kf4 h6 30. Kf3 Ra6 31. Kf4 Ra3 32. Kf3 h5
33. Kg2 Ra6 34. Kf2 Ra3 35. Kf3 Ra6 36. Kf2 Ra2+ 37. Kf3 Ra6 38. Kf2
1/2-1/2

[Event "Bergens SK Vårturnering 2024"]
[Site "Bergens Schakklub"]
[Date "2024.03.12"]
[Round "9"]
[White "Myny, Sigur H"]
[Black "Larsen, Stig Børje"]
[Result "1/2-1/2"]
[WhiteElo "1830"]
[BlackElo "1785"]
[PlyCount "115"]
[EventDate "2024.??.??"]

1. Nf3 Nc6 2. g3 e5 3. d3 f5 4. Bg2 Nf6 5. c4 Bb4+ 6. Nbd2 a5 7. a3 Be7 8. e4
d6 9. Nh4 fxe4 10. Nxe4 O-O 11. Nxf6+ Bxf6 12. Qh5 Qe8 13. Bd5+ Kh8 14. Qxe8
Rxe8 15. Nf3 Nd4 16. O-O c6 17. Be4 Bh3 18. Rd1 Bg4 19. Kg2 Rad8 20. h3 Bxf3+
21. Bxf3 d5 22. Be3 dxc4 23. dxc4 a4 24. Bxd4 Rxd4 25. Rxd4 exd4 26. Rd1 Kg8
27. Kf1 Kf8 28. Rd3 Ke7 29. c5 Kd7 30. Bd1 Ra8 31. f4 Ra5 32. g4 g6 33. Kf2 Kc7
34. Kf3 Rxc5 35. Bxa4 Rd5 36. b4 b6 37. Bb3 Rd8 38. Rd1 Re8 39. Rd3 b5 40. Bf7
Re7 41. Bb3 Kd6 42. g5 Bh8 43. f5 gxf5 44. Kf4 Re3 45. Rxe3 dxe3 46. Kxe3 Bb2
47. a4 bxa4 48. Bxa4 Bc1+ 49. Kd4 Bxg5 50. Bc2 Bf6+ 51. Kc4 Ke5 52. Kc5 Be7+
53. Kxc6 Bxb4 54. Kb5 Be1 55. Kc4 h5 56. Kd3 f4 57. Ke2 Ba5 58. Kf3
1/2-1/2

[Event "Bergens SK Vårturnering 2024"]
[Site "Bergens Schakklub"]
[Date "2024.03.19"]
[Round "10"]
[White "Flaten, Siver"]
[Black "Wiger-Nordås, Felix"]
[Result "1/2-1/2"]
[WhiteElo "1770"]
[BlackElo "1860"]
[PlyCount "82"]
[EventDate "2024.??.??"]

1. Nf3 d5 2. g3 Nf6 3. Bg2 h6 4. c4 c6 5. cxd5 cxd5 6. Nc3 Nc6 7. d4 e6 8. O-O
Bd6 9. Ne1 O-O 10. f4 Qb6 11. e3 Ne7 12. Nd3 Nh7 13. g4 f5 14. h3 Qd8 15. Ne5
Bxe5 16. fxe5 fxg4 17. Rxf8+ Qxf8 18. Qxg4 Kh8 19. Bd2 Bd7 20. Bxd5 Nxd5 21.
Nxd5 exd5 22. Qxd7 Qf3 23. Rf1 Qg3+ 24. Kh1 Ng5 25. Qxd5 Qxh3+ 26. Kg1 Qg3+ 27.
Qg2 Nh3+ 28. Kh1 Qh4 29. Rf5 Rc8 30. Bc3 Rxc3 31. Rf8+ Kh7 32. bxc3 Nf4+ 33.
Qh2 Qe1+ 34. Qg1 Qh4+ 35. Qh2 Qe1+ 36. Qg1 Qh4+ 37. Qh2 Qe1+ 38. Qg1 Qh4+ 39.
Qh2 Qe1+ 40. Qg1 Qh4+ 41. Qh2 Qe1+ 
1/2-1/2

[Event "Bergens SK Vårturnering 2024"]
[Site "Bergens Schakklub"]
[Date "2024.03.19"]
[Round "10"]
[White "Larsen, Stig Børje"]
[Black "Agustsson, Hafsteinn"]
[Result "1-0"]
[WhiteElo "1785"]
[BlackElo "1769"]
[PlyCount "79"]
[EventDate "2024.??.??"]

1. d4 d5 2. Nc3 Nf6 3. Bf4 c6 4. Qd2 Bf5 5. f3 h5 6. h4 Nbd7 7. Nh3 e6 8. a3
Qa5 9. Ng5 c5 10. e4 dxe4 11. fxe4 cxd4 12. Nb5 Qxd2+ 13. Bxd2 Nxe4 14. Nc7+
Kd8 15. Nxa8 Nxg5 16. hxg5 Bd6 17. Bd3 Bg3+ 18. Kf1 Bxd3+ 19. cxd3 Kc8 20. Ke2
Kb8 21. Rhf1 f6 22. gxf6 Nxf6 23. Bg5 Be5 24. Bf4 Bxf4 25. Rxf4 e5 26. Rf5 Re8
27. Rg5 Re7 28. Rf1 b5 29. Rff5 Kxa8 30. Rxe5 Rxe5+ 31. Rxe5 a6 32. Re7 g5 33.
Re5 Ng4 34. Rxg5 Ne3 35. g3 Kb7 36. Rxh5 Kc6 37. Rh6+ Kb7 38. Re6 Nf5 39. g4
Nh4 40. Kf2 
1-0

[Event "Bergens SK Vårturnering 2024"]
[Site "Bergens Schakklub"]
[Date "2024.03.19"]
[Round "10"]
[White "Myny, Sigur H"]
[Black "Christoffersen, Odd"]
[Result "1-0"]
[WhiteElo "1830"]
[BlackElo "1709"]
[PlyCount "93"]
[EventDate "2024.??.??"]

1. d4 Nf6 2. c4 e6 3. Nf3 d5 4. g3 c6 5. Bg2 Nbd7 6. Qc2 Bd6 7. O-O b6 8. b3
Bb7 9. Nbd2 c5 10. Bb2 Rc8 11. Rac1 cxd4 12. Nxd4 O-O 13. Qb1 a6 14. e4 dxe4
15. Nxe4 Nxe4 16. Bxe4 Bxe4 17. Qxe4 Nf6 18. Qe2 Qe7 19. Rcd1 Bc5 20. Qf3 Rfe8
21. Nc6 Qc7 22. Ne5 Be7 23. Rd7 Qc5 24. a3 Rcd8 25. Rfd1 Rxd7 26. Rxd7 b5 27.
b4 Qc8 28. Rd4 bxc4 29. Rxc4 Qa8 30. Nc6 Kf8 31. Qc3 Rc8 32. Nxe7 Rxc4 33. Qxc4
Kxe7 34. Qc7+ Ke8 35. Bxf6 gxf6 36. a4 f5 37. b5 axb5 38. axb5 Qd5 39. b6 Qd1+
40. Kg2 Qd5+ 41. Kg1 Qd1+ 42. Kg2 Qd5+ 43. Kh3 Qf3 44. b7 Qg4+ 45. Kg2 Qe4+ 46.
f3 Qe2+ 47. Kh3 
1-0

[Event "Bergens SK VÃ¥rturnering 2024"]
[Site "Bergens Schakklub"]
[Date "2024.04.02"]
[Round "11"]
[White "Bjarnason, Snorri Vikanes"]
[Black "Fossheim, Yngve GÃ¶testam"]
[Result "0-1"]
[WhiteElo "1929"]
[BlackElo "2124"]
[PlyCount "102"]
[EventDate "2024.??.??"]

1. c4 Nf6 2. Nf3 g6 3. g3 Bg7 4. Bg2 d6 5. d4 Bf5 6. Nc3 Ne4 7. Nd2 Nxc3 8.
bxc3 c6 9. e4 Bc8 10. O-O O-O 11. Rb1 Nd7 12. h3 c5 13. Nb3 Qc7 14. Be3 Rb8 15.
Nd2 b6 16. Qa4 Bb7 17. h4 e5 18. Bh3 Bc6 19. Qa3 cxd4 20. cxd4 exd4 21. Bf4 Nc5
22. Rfe1 Rfe8 23. Bg2 Rbd8 24. Bg5 f6 25. Bf4 Ne6 26. Nb3 Nxf4 27. gxf4 f5 28.
Nd2 Qb7 29. Qd3 Kh8 30. Bf3 fxe4 31. Bxe4 d5 32. cxd5 Bxd5 33. f3 Qf7 34. Bxd5
Qxd5 35. Ne4 Qf5 36. Qd2 h6 37. Nf2 Qh5 38. Kg2 Rxe1 39. Rxe1 Qxh4 40. Ng4 Qh5
41. Ne5 Qf5 42. Re4 g5 43. Nc6 g4 44. Nxd8 gxf3+ 45. Kxf3 Qh3+ 46. Ke2 Qg2+ 47.
Kd3 Qf3+ 48. Kc4 Qxe4 49. Nf7+ Kg8 50. Ne5 Bxe5 51. fxe5 Qc6+ 0-1

[Event "Bergens SK VÃ¥rturnering 2024"]
[Site "Bergens Schakklub"]
[Date "2024.04.02"]
[Round "11"]
[White "LeirvÃ¥g, Simen"]
[Black "Wiger-NordÃ¥s, Felix"]
[Result "1-0"]
[WhiteElo "1804"]
[BlackElo "1860"]
[PlyCount "43"]
[EventDate "2024.??.??"]

1. e4 c6 2. Nf3 d5 3. Nc3 Bg4 4. h3 Bxf3 5. Qxf3 e6 6. exd5 exd5 7. b3 Nf6 8.
Bb2 Bd6 9. O-O-O O-O 10. g4 Qa5 11. g5 d4 12. gxf6 dxc3 13. dxc3 Be5 14. fxg7
Bxg7 15. Rg1 Kh8 16. Kb1 Na6 17. Bxa6 bxa6 18. Rxg7 Kxg7 19. Rg1+ Kh6 20. Bc1+
Qg5 21. Rxg5 f5 22. Qh5# 1-0

[Event "Bergens SK VÃ¥rturnering 2024"]
[Site "Bergens Schakklub"]
[Date "2024.04.02"]
[Round "11"]
[White "Sneeggen, Espen"]
[Black "Larsen, Stig BÃ¸rje"]
[Result "1-0"]
[WhiteElo "1860"]
[BlackElo "1785"]
[PlyCount "69"]
[EventDate "2024.??.??"]

1. d4 g6 2. e4 Bg7 3. Nf3 d6 4. h3 Nd7 5. Be2 b6 6. O-O Bb7 7. Nc3 e6 8. Re1
Ne7 9. Bf4 O-O 10. Qd2 Nf6 11. Bf1 d5 12. e5 Ne4 13. Nxe4 dxe4 14. Ng5 Qd7 15.
Rad1 Rfd8 16. Qe2 Qa4 17. Qc4 Qxc4 18. Bxc4 Bd5 19. Bf1 c5 20. Nxe4 Bxe4 21.
Rxe4 cxd4 22. Rexd4 Rxd4 23. Rxd4 Nc6 24. Re4 Rd8 25. Bb5 Nd4 26. Bd3 Nc6 27.
Bg3 Bf8 28. a3 Bc5 29. Kf1 Bd4 30. Bb5 Nb8 31. Bh4 g5 32. Bxg5 Rd5 33. c4 f5
34. cxd5 fxe4 35. dxe6 1-0

[Event "Bergens SK VÃ¥rturnering 2024"]
[Site "Bergens Schakklub"]
[Date "2024.04.02"]
[Round "11"]
[White "Agustsson, Hafsteinn"]
[Black "Christoffersen, Odd"]
[Result "1-0"]
[WhiteElo "1769"]
[BlackElo "1709"]
[PlyCount "105"]
[EventDate "2024.??.??"]

1. e4 e5 2. Nf3 Nf6 3. Nc3 Bb4 4. Bc4 O-O 5. d3 Bxc3+ 6. bxc3 d5 7. exd5 Nxd5
8. Bg5 f6 9. Bd2 Kh8 10. O-O c5 11. h3 Nc6 12. Rb1 b6 13. a4 Nc7 14. Nh2 Be6
15. Bb5 Nxb5 16. axb5 Ne7 17. c4 a5 18. bxa6 Rxa6 19. f4 exf4 20. Bxf4 Ng6 21.
Bg3 Qd4+ 22. Kh1 Qd7 23. Nf3 Re8 24. Re1 Kg8 25. Kh2 Nf8 26. Nd2 Bf5 27. Rxe8
Qxe8 28. Qf3 Qc8 29. Ne4 Bg6 30. Rb2 Nd7 31. Nd6 Qa8 32. Qg4 Nf8 33. Qc8 Qxc8
34. Nxc8 Nd7 35. Bc7 Kf8 36. Nxb6 Nxb6 37. Bxb6 Ke8 38. Bxc5 Ra5 39. Be3 Re5
40. Bd4 Re7 41. Rb8+ Kf7 42. Kg1 Rd7 43. Bc3 Bf5 44. Bb4 g5 45. g4 Bg6 46. Kf2
Kg7 47. Bf8+ Kf7 48. Ke3 h5 49. c5 f5 50. gxh5 f4+ 51. Kf2 Bxh5 52. c6 Ra7 53.
Rb7+ 1-0